000 00588nam a2200145Ia 4500
008 090124s9999 xx 000 0 und d
082 _b19862
245 _a श्रीगुरुचरित्रांतर्गत गुरुगीता
250 _a0
260 _bरंगनाथ दत्तात्रय रेगे
_c1937
300 _a72
630 _a श्रीगुरुचरित्रांतर्गत गुरुगीता
730 _a श्रीगुरुचरित्रांतर्गत गुरुगीता
942 _cBOOK
999 _c90706
_d90706